| 000 | 00000nam 2200000za 4500 |
| 001 | 9.809062 |
| 003 | CaOODSP |
| 005 | 20221107140533 |
| 007 | cr ||||||||||| |
| 008 | 160114s2016 xxc|||||o f|0| 0 eng d |
| 020 | |a9780660042282 |
| 040 | |aCaOODSP|beng |
| 043 | |an-cn--- |
| 086 | 1 |aEm12-9/2016E-PDF |
| 245 | 00|aGuide to point-in-time counts in Canada of the Homelessness Partnering Strategy |h[electronic resource]. |
| 260 | |a[Gatineau, Quebec] : |bEmployment and Social Development Canada, |cc2016. |
| 300 | |a40 p. : |btables. |
| 500 | |aIssued also in French under title: Guide sur les dénombrements ponctuels au Canada de la Stratégie des partenariats de lutte contre l’itinérance. |
| 692 | 07|2gccst|aHomelessness |
| 710 | 1 |aCanada. |bEmployment and Social Development Canada. |
| 775 | 08|tGuide sur les dénombrements ponctuels au Canada de la Stratégie des partenariats de lutte contre l'itinérance |w(CaOODSP)9.809064 |
| 794 | |tEveryone counts |w(CaOODSP)9.831799 |
| 856 | 40|qPDF|s632 KB|uhttps://publications.gc.ca/collections/collection_2016/edsc-esdc/Em12-9-2016-eng.pdf |
| 986 | |aSSD-150-01-16 |